01187cam a22002891a 4500001001300000003000400013005001700017008004100034010001700075035001800092040008300110042001200193043001200205050002700217051001600244100002600260245008400286260014500370300003500515490002900550500001600579500014300595504004100738650003900779650006200818999001700880hew65000009 DLC20260227111513.0730418s1964 dcua b f000 0 eng c ahew65000009  a(OCoLC)606386 aU.S. Dept. of Health. Education, and Welfare. LibrarycOYUdOCoLCdMoSU-LdDLC apremarc an-us---00aL111b.A6 1964, no. 13 aLC383b.M441 aMessersmith, James C.10aChurch-related boards responsible for higher education /cJames C. Messersmith. aWashington, D.C. :bU.S. Dept. of Health, Education, and Welfare. Office of Education :bFor sale by the Supt. of Docs., U.S. G.P.O.,c1964. aviii, 230 p. :bill. ;c24 cm.1 aBulletin ;v1964, no. 13 a"OE 53021." aCopies 1 and 2 of L111.A6 bound with: Bulletin / United States. Office of Education, 1964, no. 14-1964, no. 20, subsequent to publication. aIncludes bibliographical references. 0aChurch and collegezUnited States. 0aUniversities and collegeszUnited StatesxAdministration. c34517d34517